| 000 | 00563nam a2200205Ia 4500 | ||
|---|---|---|---|
| 003 | LK-CoDNM | ||
| 005 | 20230916145132.0 | ||
| 008 | 010623t1870 xxu||||| |||| 00| 1 eng d | ||
| 040 |
_aLK-CoDNM _dLK-CoDNM _eLK-CoDNM |
||
| 041 | _aeng | ||
| 080 | _a12CC6 | ||
| 100 | _aCobbold,T.Stencer. | ||
| 245 | _aThe Treasury of Natural History or Popular Dictionary of Zoology | ||
| 260 |
_bLongmans,Green and Company _aLondon _c1870 |
||
| 300 | _bxvii,830p., 16 cm | ||
| 650 | _aAnimal Kindom | ||
| 650 | _aAnimal nature | ||
| 700 | _aMaunder,Samuel. | ||
| 942 | _cBK | ||
| 999 |
_c81708 _d81708 |
||